[Event "Muensterland Verbandsklasse-B 0607"]
[Site "Germany"]
[Date "2007.01.20"]
[Round "5.7"]
[White "Funke, Theo"]
[Black "Beckmann, Christian"]
[Result "0-1"]
[WhiteElo "1952"]
[BlackElo "1780"]
[PlyCount "88"]
[EventDate "2006.09.23"]
[EventType "team"]
[EventRounds "9"]
[EventCountry "GER"]
[SourceTitle "EXT 2008"]
[Source "ChessBase"]
[SourceDate "2007.11.25"]
[SourceVersion "1"]
[SourceVersionDate "2007.11.25"]
[SourceQuality "1"]
[WhiteTeam "Suedlohn II"]
[BlackTeam "Ahaus Wessum"]
[WhiteTeamCountry "GER"]
[BlackTeamCountry "GER"]

1. e4 c5 2. Nf3 e6 3. d4 cxd4 4. Nxd4 Nc6 5. Nc3 a6 6. a3 Nf6 7. Be2 Be7 8. 0-0 0-0 9. Be3 Qc7 10. f4 d6 11. Qe1 e5 12. Nxc6 bxc6 13. fxe5 Ng4 14. Bxg4 Bxg4 15. Qg3 Bh5 16. exd6 Bxd6 17. Qh4 Bg6 18. Kh1 Rab8 19. b3 f5 20. exf5 Bxf5 21. Qc4+ Kh8 22. Ne2 Rbe8 23. Nd4 Re4 24. Qxa6 g6 25. Nxf5 gxf5 26. Bg1 Rh4 27. h3 Re4 28. Qd3 Qe7 29. Rad1 Rf6 30. Bd4 Be5 31. Bxe5 Qxe5 32. Qd8+ Kg7 33. Rd7+ Kh6 34. Qc7 Qxc7 35. Rxc7 Re2 36. Rb7 Rxc2 37. a4 Rg6 38. Rg1 Rg3 39. a5 f4 40. Kh2 Ra2 41. b4 c5 42. Rb6+ Kh5 43. Rb5 Kh4 44. Rxc5 Rxh3# 0-1

[Event "Muensterland Verbandsklasse-B 0203"]
[Site "Muensterland"]
[Date "2003.03.15"]
[Round "7.5"]
[White "Gildehaus, Simon"]
[Black "Funke, Theo"]
[Result "1/2-1/2"]
[WhiteElo "1606"]
[BlackElo "1953"]
[PlyCount "41"]
[EventDate "2002.09.28"]
[EventType "team"]
[EventRounds "9"]
[EventCountry "GER"]
[SourceTitle "EXT 2004"]
[Source "ChessBase"]
[SourceDate "2003.11.25"]
[SourceVersion "1"]
[SourceVersionDate "2003.11.25"]
[SourceQuality "1"]
[WhiteTeam "Saerbeck Falke II"]
[BlackTeam "Suedlohn II"]
[WhiteTeamCountry "GER"]
[BlackTeamCountry "GER"]

1. e4 c5 2. Nc3 Nc6 3. f4 e6 4. Nf3 d5 5. e5 Nge7 6. Be2 Nf5 7. 0-0 h5 8. Bd3 g6 9. Bxf5 gxf5 10. d4 a6 11. Be3 cxd4 12. Nxd4 Nxd4 13. Bxd4 b5 14. Rf3 Bb7 15. Ne2 Rc8 16. a4 b4 17. a5 Rc4 18. Bb6 Bc5+ 19. Bxc5 Rxc5 20. Rb3 Qc7 21. Rxb4 1/2-1/2

[Event "Muensterland Verbandsklasse-B 0203"]
[Site "Muensterland"]
[Date "2002.12.14"]
[Round "4.5"]
[White "Kortenbusch, Christoph"]
[Black "Funke, Theo"]
[Result "0-1"]
[WhiteElo "1963"]
[BlackElo "1953"]
[PlyCount "68"]
[EventDate "2002.09.28"]
[EventType "team"]
[EventRounds "9"]
[EventCountry "GER"]
[SourceTitle "EXT 2004"]
[Source "ChessBase"]
[SourceDate "2003.11.25"]
[SourceVersion "1"]
[SourceVersionDate "2003.11.25"]
[SourceQuality "1"]
[WhiteTeam "Olfen"]
[BlackTeam "Suedlohn II"]
[WhiteTeamCountry "GER"]
[BlackTeamCountry "GER"]

1. e4 c5 2. Nf3 d6 3. Bb5+ Bd7 4. Bxd7+ Nxd7 5. 0-0 e6 6. c3 Ngf6 7. Qe2 Be7 8. d4 cxd4 9. cxd4 0-0 10. Nc3 a6 11. Rd1 b5 12. e5 Nd5 13. Ne4 dxe5 14. dxe5 Qc7 15. Ng3 Rfc8 16. Bd2 Qc2 17. Rab1 N7b6 18. Rdc1 Qa4 19. a3 Rxc1+ 20. Rxc1 Qb3 21. Bg5 Nc4 22. Rb1 Nxa3 23. Rd1 Nc4 24. Bxe7 Nxe7 25. Rd7 Ng6 26. h4 Qxb2 27. Qe4 Rf8 28. h5 Ngxe5 29. Ra7 Nxf3+ 30. Qxf3 a5 31. Ne4 a4 32. Qf4 e5 33. Qf5 Qc1+ 34. Kh2 Qf4+ 0-1

[Event "Muensterland Verbandsklasse-B 0203"]
[Site "Muensterland"]
[Date "2002.11.23"]
[Round "3.5"]
[White "Funke, Theo"]
[Black "Stepa, Rainer"]
[Result "1-0"]
[WhiteElo "1953"]
[BlackElo "1844"]
[PlyCount "63"]
[EventDate "2002.09.28"]
[EventType "team"]
[EventRounds "9"]
[EventCountry "GER"]
[SourceTitle "EXT 2004"]
[Source "ChessBase"]
[SourceDate "2003.11.25"]
[SourceVersion "1"]
[SourceVersionDate "2003.11.25"]
[SourceQuality "1"]
[WhiteTeam "Suedlohn II"]
[BlackTeam "Westbevern II"]
[WhiteTeamCountry "GER"]
[BlackTeamCountry "GER"]

1. e4 d6 2. d4 Nf6 3. Nc3 g6 4. Be2 Bg7 5. Bf4 0-0 6. Qd2 Nfd7 7. Nf3 c5 8. d5 a6 9. a4 b6 10. 0-0 Ne5 11. Nxe5 dxe5 12. Be3 Qc7 13. Rfd1 Rd8 14. Qe1 Nd7 15. Na2 Nf6 16. f3 Bd7 17. Nc3 Ne8 18. Qf1 Bc8 19. a5 bxa5 20. Na4 Bd7 21. Nxc5 Bb5 22. c4 Bd7 23. Qe1 Rdb8 24. b3 Bh6 25. Bf2 a4 26. bxa4 Bf8 27. Rab1 Rxb1 28. Rxb1 e6 29. Nxd7 Qxd7 30. Qa5 exd5 31. Qxd5 Qxa4 32. Qxa8 1-0

[Event "Oberliga NRW 8889 I"]
[Site "Germany"]
[Date "1989.??.??"]
[Round "8"]
[White "Funke, Theo"]
[Black "Stoeckmann, Helmut"]
[Result "1/2-1/2"]
[WhiteElo "1935"]
[BlackElo "2100"]
[PlyCount "119"]
[EventDate "1988.10.??"]
[EventType "team"]
[EventRounds "9"]
[EventCountry "GER"]
[SourceTitle "EXT 1997"]
[Source "ChessBase"]
[SourceDate "1996.11.15"]
[SourceVersion "1"]
[SourceVersionDate "1996.11.15"]
[SourceQuality "1"]
[WhiteTeam "Suedlohn"]
[BlackTeam "Nordwalde"]
[WhiteTeamCountry "GER"]
[BlackTeamCountry "GER"]

1. e4 c5 2. Nf3 e6 3. d4 cxd4 4. Nxd4 a6 5. Be2 Nf6 6. Nc3 Bb4 7. e5 Ne4 8. Qd3 Qa5 9. Qxe4 Bxc3+ 10. Kf1 Bxd4 11. Qxd4 Nc6 12. Bd2 Qxe5 13. Qxe5 Nxe5 14. Bc3 f6 15. Bh5+ g6 16. f4 Nf7 17. Bf3 Ke7 18. Bb4+ d6 19. Ba3 Rb8 20. Rd1 b5 21. Bb4 Bb7 22. Kf2 Rhc8 23. c3 Rc4 24. Rd4 Rxd4 25. cxd4 Bxf3 26. Kxf3 Rc8 27. Bc3 Rc4 28. a3 d5 29. h4 h5 30. Re1 Nd6 31. Ke3 Nf5+ 32. Kd3 Nxh4 33. Bb4+ Kf7 34. Bc5 Nxg2 35. Rf1 Nxf4+ 36. Rxf4 Rc1 37. Kd2 Rh1 38. Rf2 g5 39. Bd6 Kg6 40. Be7 f5 41. Re2 Rh4 42. Rxe6+ Kf7 43. Bxg5 Rxd4+ 44. Ke3 Rg4 45. Rf6+ Kg7 46. Rxf5 Kg6 47. Rxd5 Rxg5 48. Rd6+ Kf5 49. Rxa6 Rg3+ 50. Kf2 Rb3 51. a4 b4 52. Ra8 Rxb2+ 53. Kg3 Ra2 54. a5 Ra3+ 55. Kh4 b3 56. Rb8 Ra4+ 57. Kxh5 Ra3 58. Kh4 Kf4 59. a6 Ra1 60. Rb4+ 1/2-1/2